| 000 | 00570nam a2200193 i 4500 | ||
|---|---|---|---|
| 001 | 142824 | ||
| 003 | ES-MaACL | ||
| 005 | 20230906200630.0 | ||
| 007 | t| | ||
| 008 | 071010s2006 sp ||||1| spa d | ||
| 080 | _a678(02) | ||
| 100 | 1 |
_aVidal de Cárcer, M. _9114477 |
|
| 245 | 1 | 0 |
_aTratado moderno de las industrias del caucho / _cManuel Vidal de Cárcer. |
| 250 | _a1ª ed. | ||
| 260 |
_aBarcelona : _bJosé Montesó, _c1953 ( _fClarasó) |
||
| 300 |
_aXVI, 457 p. ; _c23 cm. |
||
| 650 | 1 | 4 |
_aIndustria del caucho. _913726 |
| 852 |
_aES-MaACL _jC-5905 _bR.35242 |
||
| 999 |
_c142824 _d142824 |
||